000 00924cab a2200253 4500
001 WB3040-31
008 090401t1994 xxu||||| |||| 00| 0 eng d
035 _a(Sirsi) u75693
041 _aeng
245 _aTechnology strategy
260 _c1994
350 _a0
490 _aConstruction Sponsorship Directorate News Release
_v(590) 19 October 1994, (2)
520 _aA DoE / BT joint project, "Construct IT: Bridging the Gap" is to identify how information technology can be applied to improve information flow within the construction industry and increase competitiveness and cost-effectiveness.
650 _aCOMPETITION
650 _aCOMPETITIVENESS
650 _aCONSTRUCT IT: BRIDGING THE GAP
650 _aCONSTRUCTION INDUSTRY
650 _aCOST-EFFECTIVENESS
650 _aINFORMATION FLOW
690 _aMANAGEMENT-BUSINESS MANAGEMENT-INFORMATION MANAGEMENT
942 _n0
948 _c04/03/1997
999 _c47610
_d47610